Návrh riešenia automatického spracovania integrovanej bázy údajov sociálno-ekonomických informácií stavebného podniku kandidátska dizertačná práca
Salvato in:
| Autore principale: | |
|---|---|
| Ente Autore: | |
| Altri autori: | |
| Natura: | Libro |
| Lingua: | slovacco |
| Pubblicazione: |
Bratislava
1982
|
| Tags: |
Nessun Tag, puoi essere il primo ad aggiungerne!!
|
MARC
| LEADER | 00000nam a2200000 4500 | ||
|---|---|---|---|
| 001 | c135039 | ||
| 005 | 20230116104748.8 | ||
| 041 | 0 | |a slo | |
| 044 | |a SK | ||
| 245 | 1 | 0 | |a Návrh riešenia automatického spracovania integrovanej bázy údajov sociálno-ekonomických informácií stavebného podniku |b kandidátska dizertačná práca |c Mikuláš Babicz ; ved. Ján Štefánek |
| 264 | 1 | |a Bratislava |c 1982 | |
| 300 | |a 134 s. | ||
| 100 | 1 | |a Babicz, Mikuláš | |
| 700 | 1 | |a Štefánek, Ján | |
| 710 | 2 | |a Vysoká škola ekonomická v Bratislave. Fakulta riadenia | |